000 00628nam a2200229Ia 4500
003 OSt
005 20220928113628.0
006 a|||||r|||| 00| 0
007 ta
008 220927b |||||||| |||| 00| 0 eng d
024 _a25868
037 _cTextual
040 _aSDCL
_cSDCL
_beng
041 _2eng
_aeng
082 _aV1N8'N8, M4
100 _aSrivastava Govind Narain
_9434165
245 0 _aIndia non-alignment and world peace.
260 _aNew Delhi
_bNew Publications
_c1984
300 _avii,242p
_ccm.
942 _hV1N8'N8, M4
_cTEXL
_2CC
999 _c750542
_d750542